| 000 | 00431nam a22001697a 4500 | ||
|---|---|---|---|
| 003 | SGT | ||
| 020 | _a9789283244936 | ||
| 082 |
_a616.07 _bW17L |
||
| 100 | _aLLOYD, RICARDO V. | ||
| 245 | _aWHO CLASSIFICATION OF TUMOURS OF ENDOCRINE ORGANS | ||
| 250 | _a4TH | ||
| 260 |
_aFRANCE _bWHO PUB _c2017 |
||
| 300 | _a355 | ||
| 650 | _aPATHOLOGY | ||
| 653 | _aWHO CLASSIFICATION OF TUMOURS OF ENDOCRINE ORGANS | ||
| 942 |
_2ddc _cBK |
||
| 999 |
_c23281 _d23281 |
||